| Поле | Инд. | ПП | Название | Значение |
|---|---|---|---|---|
| Тип записи | a | |||
| Библиографический уровень | m | |||
| 001 | Контрольный номер | 09aff40b27d642458fed32b86c476d4e | ||
| 005 | Дата корректировки | 20240528125818.4 | ||
| 020 | a | ISBN | 978-5-392-30576-6 | |
| c | Цена, тираж | 1795 р. | ||
| 040 | b | Код языка каталог. | rus | |
| e | Правила каталог. | PSBO | ||
| 041 | 0_ | a | Код языка текста | rus |
| 080 | a | Индекс УДК | 005.32:159.9 | |
| 084 | a | Индекс другой классификации/Индекс ББК | Ю949я7 | |
| 084 | a | Индекс другой классификации/Индекс ББК | Ю954я7 | |
| 090 | a | Полочн. индекс | Ю9 | |
| x | Авторский знак | П 86 | ||
| 097 | b | Оператор | *Еж* | |
| b | Оператор | *Вин* | ||
| 097 | b | Оператор | *Ир-С* | |
| 245 | 10 | a | Заглавие | Психология менеджмента |
| b | Продолж. заглавия | психологический практикум | ||
| b | Продолж. заглавия | в составе учебно-методического комплекса | ||
| c | Ответственность | под редакцией Г.С. Никифорова | ||
| 250 | a | Основные сведения об издании | 2-е изд. | |
| 260 | a | Место издания | Москва | |
| b | Издательство | Проспект | ||
| c | Дата издания | 2021 | ||
| 300 | a | Объем | 503 с. | |
| 440 | _0 | a | Серия | УМК-П |
| 516 | 8_ | a | Прим. о типе комп. файла/ данных | Текст : непосредственный |
| 520 | 0_ | a | Аннотация | Данный учебник является первым в России по курсу «Психология менеджмента». На основе последних достижений науки в нем прослеживается последовательная психологизация менеджмента в процессе его эволюции. Раскрывается психологическое обеспечение профессионального отбора и обучения менеджеров, их профессиональных функций, особенностей управления персоналом. Рассматриваются психологические аспекты маркетинга, а также слабо представленные в отечественной литературе вопросы женского менеджмента, тренинга менеджеров, их профессионального здоровья – долголетия. Для студентов, аспирантов и преподавателей факультетов психологии университетов, а также всех специализирующихся в области менеджмента. |
| 583 | a | Действие | Приписка : УМК | |
| 653 | 0_ | a | Ключевые слова | Психология менеджмента |
| a | Ключевые слова | Организационное поведение | ||
| a | Ключевые слова | Персонал | ||
| a | Ключевые слова | Оценка персонала | ||
| a | Ключевые слова | Менеджер | ||
| a | Ключевые слова | Культура общения | ||
| a | Ключевые слова | Аудит мотивации | ||
| a | Ключевые слова | Обучающие программы | ||
| a | Ключевые слова | Потребность организации | ||
| 655 | 07 | a | Жанр/ форма (устаревшее) | У |
| 773 | 18 | w | Контрольный № источника | 116384 |
| 900 | a | Имя макрообъекта | 001-000148313-000000000-0000-0000-00 | |
| 901 | t | Тип документа | m | |
| 905 | a | Дата создания записи | 22.06.22 | |
| c | Дата приписки | 28.05.24 | ||
| 952 | a | Тип литературы для КСУ ВШ | *У2* | |
| 952 | e | Факультет | *ФУСК* | |
| 990 | g | Размещение заказа (DOS) | Проспект | |
| h | N записи в КСУ для Б/У (DOS) | 18/2022 | ||
| 990 | c | Приоритет заказа (DOS) | *д* | |
| f | Даты поступлений (DOS) | 20.06.22 | ||
| g | Размещение заказа (DOS) | ООО "Проспект" | ||
| j | Количество экземпляров (DOS) | 5 |